Fluid Mechanics for Chemical Engineers

Đã lưu trong:
书目详细资料
主要作者: Nevers, Noel de
格式: 图书
语言:Undetermined
出版: Boston McGrawHill 2005
主题:
标签: 添加标签
没有标签, 成为第一个标记此记录!
Thư viện lưu trữ: Trung tâm Học liệu Trường Đại học Cần Thơ
LEADER 00518nam a2200193Ia 4500
001 CTU_88163
008 210402s9999 xx 000 0 und d
020 |c 335800 
082 |a 532.02466 
082 |b N514 
100 |a Nevers, Noel de 
245 0 |a Fluid Mechanics for Chemical Engineers 
245 0 |c Noel de Nevers 
260 |a Boston 
260 |b McGrawHill 
260 |c 2005 
650 |a Fluid mechanics,Chemical engineering 
904 |i Năm 
980 |a Trung tâm Học liệu Trường Đại học Cần Thơ